Entry Personal Name
Number of records used in: 1
001 - CONTROL NUMBER
003 - CONTROL NUMBER IDENTIFIER
005 - DATE AND TIME OF LATEST TRANSACTION
- control field:
20221031155329.0
008 - FIXED-LENGTH DATA ELEMENTS
- fixed length control field:
790912n| acannaab |b aaa
010 ## - LIBRARY OF CONGRESS CONTROL NUMBER
- LC control number:
n 79098147
040 ## - CATALOGING SOURCE
- Original cataloging agency:
DLC
- Transcribing agency:
DLC
- Modifying agency:
DLC
100 1# - HEADING--PERSONAL NAME
- Personal name:
Seth, Pran Nath,
- Dates associated with a name:
1924-
400 0# - SEE FROM TRACING--PERSONAL NAME
- Personal name:
Pran Nath Seth,
- Dates associated with a name:
1924-
670 ## - SOURCE DATA FOUND
- Source citation:
His Successful tourism, 1978:
- Information found:
t.p. (Pran Nath Seth)
670 ## - SOURCE DATA FOUND
- Source citation:
Info. from N. Delhi Office
- Information found:
(Pran Nath Seth; b. 1924)
670 ## - SOURCE DATA FOUND
- Source citation:
Lahore to Delhi, 2009:
- Information found:
t.p. (Pran Seth)